<The> little green data book 2007
Uložené v:
| Médium: | Kniha |
|---|---|
| Jazyk: | English |
| Vydavateľské údaje: |
Washington, D.C.
<The> World Bank
2007
|
| Edícia: | World development indicators
|
| Predmet: | |
| Tagy: |
Žiadne tagy, Buďte prvý, kto otaguje tento záznam!
|
MARC
| LEADER | 00000nam$a2200000$$$4500 | ||
|---|---|---|---|
| 001 | 0059684 | ||
| 005 | 20240313135012.2 | ||
| 020 | |a 0-8213-6967-9 | ||
| 041 | 0 | |a eng | |
| 044 | |a US | ||
| 245 | 1 | 0 | |a <The> little green data book 2007 |
| 264 | 1 | |a Washington, D.C. |b <The> World Bank |c 2007 | |
| 300 | |a 240 s. | ||
| 490 | 1 | |a World development indicators | |
| 830 | 0 | |a World development indicators | |
| 610 | 2 | 0 | |a údaje štatistické |
| 610 | 2 | 0 | |a porovnanie štatistické medzinárodné |
| 610 | 2 | 0 | |a poľnohospodárstvo |
| 610 | 2 | 0 | |a lesníctvo |
| 610 | 2 | 0 | |a diverzita biologická |
| 610 | 2 | 0 | |a prostredie životné |
| 610 | 2 | 0 | |a emisie |
| 610 | 2 | 0 | |a energia |
| 610 | 2 | 0 | |a znečistenie ovzdušia |
| 610 | 2 | 0 | |a voda |
| 610 | 2 | 0 | |a hygiena |
| 610 | 2 | 0 | |a populácia |
| 610 | 2 | 0 | |a zdravie |
| 610 | 2 | 0 | |a úmrtnosť |
| 610 | 2 | 0 | |a účty národné |
| 610 | 2 | 0 | |a ukazovatele |
| 610 | 2 | 0 | |a svet |
| 610 | 2 | 0 | |a 2007 |